[Event "Forchheim op 10th"]
[Site "Forchheim"]
[Date "2011.10.07"]
[Round "1"]
[White "Schneider, Peter"]
[Black "Alka, Kurt"]
[Result "1-0"]
[WhiteElo "1742"]
[BlackElo "1250"]
[PlyCount "85"]
[EventDate "2011.10.07"]
[EventType "swiss"]
[EventRounds "5"]
[EventCountry "GER"]
[SourceTitle "CBM 144 Extra"]
[Source "ChessBase"]
[SourceDate "2011.10.28"]
[SourceVersion "1"]
[SourceVersionDate "2011.10.28"]
[SourceQuality "1"]

1. Nf3 Nf6 2. d4 d5 3. e3 c6 4. Be2 e6 5. b3 Ne4 6. 0-0 Bb4 7. Bb2 Qa5 8. a3 Bd6 9. Nbd2 Nxd2 10. Nxd2 Qc7 11. f4 Nd7 12. c4 b6 13. cxd5 exd5 14. Rc1 Bb7 15. Nf3 Nf6 16. Ne5 a6 17. b4 b5 18. Qc2 Rc8 19. Bd3 0-0 20. Bf5 Rce8 21. Rf3 h6 22. Nxc6 Bxc6 23. Qxc6 Qb8 24. Qc2 Re7 25. Qd2 Rfe8 26. g3 Ne4 27. Qd3 Nf6 28. Rc6 Nd7 29. Bxd7 Rxd7 30. Rf2 Rde7 31. Bc1 Qb7 32. Rfc2 Re6 33. Kf2 Rd8 34. R2c3 Rde8 35. Qc2 Qe7 36. Rc8 g5 37. Rxe8+ Qxe8 38. Rc8 gxf4 39. Rxe8+ Rxe8 40. exf4 Re4 41. Be3 h5 42. Qc8+ Kg7 43. Qf5 1-0